The 20% solution a practical guide to dramatic cost reduction in MROP procurement /

Bibliographic Details
Main Author: Roth, Joel.
Corporate Author: ProQuest (Firm)
Format: Electronic eBook
Language:English
Published: Bloomington, IN : Pegasus Books, c2008.
Subjects:
Online Access:Click to View
LEADER 01163nam a2200325Ia 4500
001 EBC361894
003 MiAaPQ
005 20200520144314.0
006 m o d |
007 cr cn|||||||||
008 080317s2008 inu s 000 0 eng d
020 |z 9781434363558 
035 |a (MiAaPQ)EBC361894 
035 |a (Au-PeEL)EBL361894 
035 |a (CaPaEBR)ebr10255082 
035 |a (CaONFJC)MIL175771 
035 |a (OCoLC)748529364 
040 |a MiAaPQ  |c MiAaPQ  |d MiAaPQ 
050 4 |a HD47.3  |b .R68 2008 
100 1 |a Roth, Joel. 
245 1 4 |a The 20% solution  |h [electronic resource] :  |b a practical guide to dramatic cost reduction in MROP procurement /  |c by Joel Roth. 
246 3 0 |a 20 percent solution 
260 |a Bloomington, IN :  |b Pegasus Books,  |c c2008. 
300 |a xv, 193 p. 
533 |a Electronic reproduction. Ann Arbor, MI : ProQuest, 2015. Available via World Wide Web. Access may be limited to ProQuest affiliated libraries. 
650 0 |a Cost control. 
650 0 |a Purchasing. 
655 4 |a Electronic books. 
710 2 |a ProQuest (Firm) 
856 4 0 |u https://ebookcentral.proquest.com/lib/matrademy/detail.action?docID=361894  |z Click to View